IMF Staff papers, Volume 46 No. 3.

This paper examines determinants and leading indicators of banking crises. The paper examines episodes of banking system distress and crisis in a large sample of countries to identify which macroeconomic and financial variables can be useful leading indicators. The best warning signs of the recent A...

Ful tanımlama

Detaylı Bibliyografya
Müşterek Yazar: International Monetary Fund. Research Dept
Materyal Türü: Dergi
Dil:English
Baskı/Yayın Bilgisi: Washington, D.C. : International Monetary Fund, 1999.
Seri Bilgileri:IMF Staff Papers; IMF Staff Papers ; No. 1999/001
Online Erişim:Full text available on IMF
LEADER 01589cas a2200241 a 4500
001 AALejournalIMF010608
008 230101c9999 xx r poo 0 0eng d
020 |c 15.00 USD 
020 |z 9781451973686 
022 |a 1020-7635 
040 |a BD-DhAAL  |c BD-DhAAL 
110 2 |a International Monetary Fund.  |b Research Dept. 
245 1 0 |a IMF Staff papers, Volume 46 No. 3. 
264 1 |a Washington, D.C. :  |b International Monetary Fund,  |c 1999. 
300 |a 1 online resource (104 pages) 
490 1 |a IMF Staff Papers 
500 |a <strong>Off-Campus Access:</strong> No User ID or Password Required 
500 |a <strong>On-Campus Access:</strong> No User ID or Password Required 
506 |a Electronic access restricted to authorized BRAC University faculty, staff and students 
520 3 |a This paper examines determinants and leading indicators of banking crises. The paper examines episodes of banking system distress and crisis in a large sample of countries to identify which macroeconomic and financial variables can be useful leading indicators. The best warning signs of the recent Asian crises were proxies for the vulnerability of the banking and corporate sector. Full-blown banking crises are shown to be associated more with external developments, and domestic variables are the main leading indicators of severe but contained banking distress. 
538 |a Mode of access: Internet 
830 0 |a IMF Staff Papers; IMF Staff Papers ;  |v No. 1999/001 
856 4 0 |z Full text available on IMF  |u http://elibrary.imf.org/view/journals/024/1999/001/024.1999.issue-001-en.xml  |z IMF e-Library